| 000 | 00801cab a2200217 4500 | ||
|---|---|---|---|
| 001 | ABS38520 | ||
| 008 | 090401t1987 xxu||||| |||| 00| 0 eng d | ||
| 035 | _a(Sirsi) u11073 | ||
| 041 | _aeng | ||
| 100 | _aAtkinson, G. | ||
| 245 | _aLatent defects: now or later? | ||
| 260 | _c1987 | ||
| 350 | _a0 | ||
| 490 |
_aBuilding _v252(48) 27 November 1987, 52(1) |
||
| 520 | _aReports very briefly on reform of the Danish system of insuring government and government-funded buildings against latent defects , including the setting up of a building damage fund, suggesting that the proposals could provide guidance for the British building industry. | ||
| 650 | _aBUILDING DEFECTS | ||
| 650 |
_aInsurance _96249 |
||
| 690 | _aBUILT ENVIRONMENT-BUILDING PATHOLOGY | ||
| 942 | _n0 | ||
| 948 | _c04/03/1997 | ||
| 999 |
_c7059 _d7059 |
||